| 000 | 00451cam a22001931 4500 | ||
|---|---|---|---|
| 001 | sa 68004124 | ||
| 003 | DLC | ||
| 005 | 20260227112459.0 | ||
| 008 | 881028s1967 xx 000 0 beno | ||
| 010 | _asa 68004124 | ||
| 035 | _a(OCoLC)23536945 | ||
| 040 |
_aDLC _cMiU _dDLC |
||
| 042 | _apremarc | ||
| 050 | 0 | 0 |
_aPK1718.B39 _bP7 |
| 100 | 1 |
_aBasu, Samareśa, _d1924-1988. |
|
| 245 | 1 | 0 | _aPrajāpati. |
| 260 | _c[1967] | ||
| 300 |
_a187 p. _c22 cm. |
||
| 999 |
_c79982 _d79982 |
||